000 00872cam a22002531 4500
001 24548
003 BD-RjUL
005 20211209001051.0
008 140313s1953 mauac 000 0 eng
035 _a(BD-RjUL)24615
035 _a(BD-RjUL)24615
040 _aDLC
_cODaWU
_dOCoLC
_dOKentU
_dBD-RjUL
_dBD-RjUL
_beng
041 _aeng
082 _a928.1
_bMEH 1953
100 1 _aMetcalf, Eleanor Melville,
_d1882-1964,
_975547
245 1 0 _aHerman Melville, cycle and epicycle /
_cEleanor Melville Metcalf.
260 _aCambridge :
_bHarvard University Press ;
_c1953.
300 _axvii, 311 p. :
_billus., ports. ;
_c24 cm.
500 _a"Letters by, to, and about Melville ... with ... commentary by Melville's granddaughter."--Dust jacket.
600 1 0 _aMelville, Herman,
_d1819-1891.
_975556
942 _2ddc
_cBK
999 _c24548
_d24548